Top 10 najmniejszych kantonów Szwajcarii - Statystyki

Ogólne statystyki
  • Ten quiz został rozwiązany 26 razy
  • Średni wynik to 6 z 10
Statystyki odpowiedzi
km2 Kanton % Poprawnych
282 Genewa
84%
37 Bazylea-Miasto
74%
276 Nidwalden
68%
239 Zug
63%
243 Appenzell Ausserrhoden
58%
172 Appenzell Innerrhoden
58%
685 Glarus
58%
491 Obwalden
58%
298 Szafuza
58%
518 Bazylea-Okręg
53%
Nie znaleziono quizów pasujących do podanych kryteriów
Rozkład punktacji
Procent ludzi z każdym wynikiem
Percentyl według liczby udzielonych odpowiedzi
Twoja historia wyników
Nie rozwiązałeś tego quizu